Η αρραβωνιαστικιά του Αχιλλέα : μυθιστόρημα
Saved in:
| Main Author: | |
|---|---|
| Format: | Book |
| Language: | Greek |
| Published: |
Αθήνα :
Μεταίχμιο,
2011.
|
| Series: | Ελληνική πεζογραφία (Μεταίχμιο)
|
| Subjects: | |
| Tags: |
Add Tag
No Tags, Be the first to tag this record!
|
MARC
| LEADER | 00000cam a2200000 a 4500 | ||
|---|---|---|---|
| 001 | 1/110628 | ||
| 008 | 160421s2011####gr | ||| |||| ||gre|| | ||
| 020 | |a 9789605012243 | ||
| 040 | |a GR-MyUa |b gre |c GR-MyUa |e AACR2 | ||
| 041 | 0 | |a gre | |
| 082 | 7 | |a 889.334 |2 (23) | |
| 100 | 1 | |a Ζέη, Άλκη, |d 1925-2020. | |
| 245 | 1 | 3 | |a Η αρραβωνιαστικιά του Αχιλλέα : |b μυθιστόρημα / |c Άλκη Ζέη. |
| 260 | |a Αθήνα : |b Μεταίχμιο, |c 2011. | ||
| 300 | |a 399 σ. ; |c 21 εκ. | ||
| 490 | 1 | |a (Ελληνική πεζογραφία / Μεταίχμιο) | |
| 650 | 0 | |a Greek fiction, Modern. | |
| 830 | 0 | |a Ελληνική πεζογραφία (Μεταίχμιο) | |
| 852 | |a INST |b LESVOS |e 20160421 |h 889.334 ΖΕΗ |p 005100057519 |q 005100057519 |t BK |y 0 | ||
| 970 | |a Καμάτσου |b Δέσποινα |z 21-04-2016 | ||